000 00510nam a2200193 a 4500
001 1766824440684
003 YourLibrary
005 20251229124156.0
008 251227s2007##################000#0#eng##
020 _a9780415391917
082 0 4 _a207.5083
_bOTA
100 1 _aOta, Cathy,
_eauthor.
245 1 0 _aSpiritual Education in a Divided World :
260 _bTaylor & Francis US,
_c2007.
300 _a208 pages
650 0 _aEducation.
942 _cENGLISH
040 _aYourLibrary
_beng
_cYourLibrary
999 _c605621
_d605621